LEADER 00844naa a2200157 i 4500 001 000000294619 003 CaOOAMICUS 005 20180831172510.0 008 180831n xx u000 u und u 013 $a1895 040 $aSeMil$bita 100 1 $aLlobell, Joaquín.$0(OLS)http://semarc/name/3328 245 10$aPerfettibilità e sicurezza della norma canonica :$bcenni sul valore normativo della giurisprudenza della Rota Romana nelle cause matrimoniali. 650 4$aMatrimonio - Diritto.$0(OLS)http://semarc/subject/276 773 0 $tIus in vita et in missione Ecclesiae.$dCittà del Vaticano : Libreria Editrice Vaticana, 1994.$z88-209-1963-X$gp.1231-1259$w()44083 996 $6245$aPerfettibilità e sicurezza della norma canonica :$bcenni sul valore normativo della giurisprudenza della Rota Romana nelle cause matrimoniali$9(OLS)http://semarc/title/370696 LEADER 01468nam a2200289 i 4500 001 000000072754 003 CaOOAMICUS 005 20200511092051.0 008 090415s1966 xxu u000 u lat u 013 $a43926 040 $aSeMil$bita 100 1 $aWyclif, John,$d.$0(OLS)http://semarc/name/9423 245 10$aTractatus De officio regis /$cIohannis Wyclif ; now first edited from the Vienna mss. 4514 and 3933 by Alfred W. Pollard and Charles Sayle. 250 $a1. repr. 260 $aNew York ; London :$bJohnson reprint corporation,$c1966. 300 $axxx, 296 p. ;$c23 cm. 500 $aRipr. facs. dell'ed.: London : Trübner, 1887. 650 4$aSovranità - Doveri - Opere anteriori al 1900.$0(OLS)http://semarc/subject/14733 650 4$aChiesa e Stato - Ante 1800.$0(OLS)http://semarc/subject/3305 700 1 $aSayle, Charles <1864-1924>.$0(OLS)http://semarc/name/36055 700 1 $aPollard, Alfred William <1859-1944>.$0(OLS)http://semarc/name/36054 773 0 $aWyclif, John $tWyclif's Latin works.$dNew York ; London : Johnson reprint corporation ; Frankfurt am Main : Minerva, 1966.$w()21091 850 $aSeMil 852 $aSeMil$W1$xVenegono$y1$m2Q II 242$j38907$B38907$CSeMilBibl$Z2$F38910 $81 996 $6245$aTractatus De officio regis$9(OLS)http://semarc/title/117382 996 $6260$aNew York ; London :$bJohnson reprint corporation$9(OLS)http://semarc/publisher/35450